[Event "SVK-chT2C 2425"]
[Site "Slovakia"]
[Date "2024.12.01"]
[Round "4.8"]
[White "Repcek, Michal"]
[Black "Ilkovic, Frantisek"]
[Result "1/2-1/2"]
[WhiteElo "1832"]
[BlackElo "1876"]
[PlyCount "55"]
[EventDate "2024.11.09"]
[EventType "team-tourn"]
[EventRounds "11"]
[EventCountry "SVK"]
[SourceTitle "CB51_2024"]
[SourceDate "2024.12.18"]
[SourceVersion "1"]
[SourceVersionDate "2024.12.18"]
[SourceQuality "1"]
[WhiteTeam "Ondrasova Krivan"]
[BlackTeam "Filakovo"]
[WhiteTeamCountry "SVK"]
[BlackTeamCountry "SVK"]

1. e3 Nf6 2. d4 d5 3. c4 e6 4. Nc3 Be7 5. Nf3 0-0 6. Qc2 c5 7. dxc5 Bxc5 8. a3 a5 9. b3 Nc6 10. cxd5 exd5 11. Bd3 d4 12. Ne4 Nxe4 13. Bxe4 Qe7 14. 0-0 dxe3 15. Bxe3 Bxe3 16. fxe3 f5 17. Bd5+ Be6 18. e4 Rac8 19. Bxe6+ Qxe6 20. exf5 Qxf5 21. Qxf5 Rxf5 22. Rac1 Rd8 23. Rfd1 Rfd5 24. Rxd5 Rxd5 25. Rc3 h6 26. Kf2 g5 27. g4 Kg7 28. h3 1/2-1/2

[Event "SVK-chT2C 2223"]
[Site "Slovakia"]
[Date "2023.02.12"]
[Round "9.8"]
[White "Ilkovic, Frantisek"]
[Black "Vartiak, Stanislav"]
[Result "1/2-1/2"]
[WhiteElo "1825"]
[BlackElo "1695"]
[PlyCount "35"]
[EventDate "2022.10.08"]
[EventType "team-tourn"]
[EventRounds "11"]
[EventCountry "SVK"]
[SourceTitle "EXT 2024"]
[Source "ChessBase"]
[SourceDate "2023.10.10"]
[SourceVersion "1"]
[SourceVersionDate "2023.10.10"]
[SourceQuality "1"]
[WhiteTeam "Filakovo"]
[BlackTeam "Martin Medea"]
[WhiteTeamCountry "SVK"]
[BlackTeamCountry "SVK"]

1. e4 e6 2. d4 d5 3. exd5 Qxd5 4. Nf3 Nf6 5. Be2 c5 6. Nc3 Qd8 7. 0-0 cxd4 8. Nb5 Nc6 9. Bf4 Nd5 10. Bg3 Bc5 11. Nbxd4 Nxd4 12. Nxd4 a6 13. Nb3 Be7 14. Qd4 0-0 15. Rad1 Bf6 16. Be5 Bxe5 17. Qxe5 Qf6 18. Qxf6 1/2-1/2

[Event "SVK-chT2C 2223"]
[Site "Slovakia"]
[Date "2022.11.12"]
[Round "3.5"]
[White "Kerdik, Adam"]
[Black "Ilkovic, Frantisek"]
[Result "1-0"]
[WhiteElo "2018"]
[BlackElo "1842"]
[PlyCount "83"]
[EventDate "2022.10.08"]
[EventType "team-tourn"]
[EventRounds "11"]
[EventCountry "SVK"]
[SourceTitle "EXT 2024"]
[Source "ChessBase"]
[SourceDate "2023.10.10"]
[SourceVersion "1"]
[SourceVersionDate "2023.10.10"]
[SourceQuality "1"]
[WhiteTeam "Liptov Chess School III"]
[BlackTeam "Filakovo"]
[WhiteTeamCountry "SVK"]
[BlackTeamCountry "SVK"]

1. d4 d5 2. c4 c6 3. Nf3 e6 4. Nc3 Nf6 5. cxd5 cxd5 6. Bf4 Bd6 7. Bxd6 Qxd6 8. e3 0-0 9. Bd3 Nbd7 10. 0-0 a6 11. a4 e5 12. dxe5 Nxe5 13. Nxe5 Qxe5 14. h3 Bd7 15. Qf3 Bc6 16. Qf5 Qe7 17. Ne2 Ne4 18. Nd4 g6 19. Qf4 Bd7 20. Rfc1 Rac8 21. Bxe4 dxe4 22. Rc7 f5 23. Rxb7 g5 24. Qg3 Kh8 25. Rd1 f4 26. exf4 gxf4 27. Qb3 e3 28. fxe3 fxe3 29. Nf5 Rxf5 30. Rbxd7 Qg5 31. Qb7 Rcf8 32. Rxh7+ Kg8 33. Re7 Rf2 34. Qd5+ Qxd5 35. Rxd5 Rxb2 36. Rxe3 Rf4 37. Re7 Rbb4 38. a5 Rb1+ 39. Kh2 Rf2 40. Rd8+ Rf8 41. Rxf8+ Kxf8 42. Ra7 1-0

[Event "SVK-chT2C 2122"]
[Site "Slovakia"]
[Date "2022.03.06"]
[Round "6.6"]
[White "Revaj, Miroslav"]
[Black "Ilkovic, Frantisek"]
[Result "0-1"]
[WhiteElo "1409"]
[BlackElo "1810"]
[PlyCount "62"]
[EventDate "2021.10.16"]
[EventType "team-tourn"]
[EventRounds "11"]
[EventCountry "SVK"]
[SourceTitle "EXT 2023"]
[Source "ChessBase"]
[SourceDate "2022.10.05"]
[SourceVersion "1"]
[SourceVersionDate "2022.10.05"]
[SourceQuality "1"]
[WhiteTeam "Bziny"]
[BlackTeam "Filakovo"]
[WhiteTeamCountry "SVK"]
[BlackTeamCountry "SVK"]

1. d4 d5 2. Nf3 Nf6 3. e3 g6 4. Be2 Bg7 5. 0-0 0-0 6. b3 Ne4 7. Bb2 Nd7 8. Nbd2 Ndf6 9. Nxe4 Nxe4 10. Nd2 Nf6 11. c4 c6 12. c5 Re8 13. f4 h5 14. h4 Bg4 15. Bxg4 Nxg4 16. Re1 e5 17. g3 exf4 18. exf4 Qa5 19. Nf3 f6 20. Qd2 Qc7 21. Rxe8+ Rxe8 22. Re1 Re4 23. Re2 Qe7 24. Re1 Qe6 25. Bc3 Kf7 26. b4 Ne3 27. Qf2 Ng4 28. Qd2 Bh6 29. Bb2 Ne3 30. Bc1 Bxf4 31. gxf4 Qg4+ 0-1

[Event "SVK-chT2C 1920"]
[Site "Slovakia"]
[Date "2019.10.27"]
[Round "2.8"]
[White "Bartek, Ladislav"]
[Black "Ilkovic, Frantisek"]
[Result "1-0"]
[WhiteElo "2024"]
[BlackElo "1835"]
[PlyCount "70"]
[EventDate "2019.10.26"]
[EventType "team-tourn"]
[EventRounds "11"]
[EventCountry "SVK"]
[SourceTitle "CBM 193 Extra"]
[Source "ChessBase"]
[SourceDate "2020.01.31"]
[SourceVersion "1"]
[SourceVersionDate "2020.01.31"]
[SourceQuality "1"]
[WhiteTeam "Ondrasova Krivan"]
[BlackTeam "Filakovo"]
[WhiteTeamCountry "SVK"]
[BlackTeamCountry "SVK"]

1. e4 e5 2. Nf3 Nc6 3. Bb5 a6 4. Ba4 Nf6 5. 0-0 b5 6. Bb3 Be7 7. Re1 d6 8. c3 0-0 9. h3 Na5 10. Bc2 c5 11. d4 Qc7 12. Nbd2 Re8 13. Nf1 Nc6 14. d5 Nb8 15. Ng3 Qd8 16. a4 b4 17. a5 bxc3 18. bxc3 Qc7 19. Bg5 h6 20. Bxf6 Bxf6 21. Ba4 Rd8 22. Nh2 g6 23. Ng4 Bg7 24. Qf3 Qe7 25. Rab1 Nd7 26. Ne3 Nf6 27. Nc4 h5 28. Nb6 Ra7 29. Nxc8 Rxc8 30. Rb6 Bf8 31. Rbb1 Kg7 32. Bc6 Rcc7 33. Qd3 h4 34. Ne2 Qd8 35. f3 Nd7 1-0

[Event "SVK-chT2C 1819"]
[Site "Slovakia"]
[Date "2018.12.15"]
[Round "5.7"]
[White "Ilkovic, Frantisek"]
[Black "Kubis, Juraj"]
[Result "0-1"]
[WhiteElo "1875"]
[BlackElo "1751"]
[PlyCount "84"]
[EventDate "2018.10.13"]
[EventType "team-tourn"]
[EventRounds "11"]
[EventCountry "SVK"]
[SourceTitle "CBM 189 Extra"]
[Source "ChessBase"]
[SourceDate "2019.05.31"]
[SourceVersion "1"]
[SourceVersionDate "2019.05.31"]
[SourceQuality "1"]
[WhiteTeam "Filakovo"]
[BlackTeam "Jelsava Magnezit"]
[WhiteTeamCountry "SVK"]
[BlackTeamCountry "SVK"]

1. e4 c5 2. Nf3 d6 3. Bb5+ Nc6 4. 0-0 Bd7 5. d4 a6 6. Be2 cxd4 7. Nxd4 g6 8. c3 Bg7 9. Be3 Nf6 10. Nd2 0-0 11. f3 Rc8 12. N2b3 Ne5 13. Nd2 Nc6 14. Nxc6 Bxc6 15. Nb3 e5 16. c4 Nh5 17. Qd2 f5 18. exf5 gxf5 19. Rad1 f4 20. Bf2 Qg5 21. Be1 Qg6 22. Na5 e4 23. Nxc6 Rxc6 24. fxe4 Be5 25. Bf3 Kh8 26. Qc2 Rfc8 27. b3 b5 28. Bc3 bxc4 29. Bxe5+ dxe5 30. Qc3 Ng7 31. b4 Qf6 32. Rd5 Re8 33. Rfd1 Rb6 34. Qxc4 Ne6 35. Rd6 Rxd6 36. Rxd6 Qe7 37. Rxa6 Nd4 38. Bh5 Qh4 39. Be2 f3 40. Bxf3 Qe1+ 41. Qf1 Nxf3+ 42. gxf3 Rg8+ 0-1

[Event "SVK-chT2C 1819"]
[Site "Slovakia"]
[Date "2018.11.18"]
[Round "4.7"]
[White "Ilkovic, Frantisek"]
[Black "Holeczy, Martin"]
[Result "0-1"]
[WhiteElo "1863"]
[BlackElo "2001"]
[PlyCount "32"]
[EventDate "2018.10.13"]
[EventType "team-tourn"]
[EventRounds "11"]
[EventCountry "SVK"]
[SourceTitle "CBM 187 Extra"]
[Source "ChessBase"]
[SourceDate "2018.11.04"]
[SourceVersion "1"]
[SourceVersionDate "2018.11.04"]
[SourceQuality "1"]
[WhiteTeam "Filakovo"]
[BlackTeam "Banska Bystrica Veza"]
[WhiteTeamCountry "SVK"]
[BlackTeamCountry "SVK"]

1. e4 c5 2. f4 g6 3. Nf3 Bg7 4. Bc4 e6 5. 0-0 Ne7 6. c3 d5 7. Bb5+ Nbc6 8. Bxc6+ bxc6 9. d3 Qb6 10. Kh1 Ba6 11. Re1 0-0 12. Na3 Rab8 13. Rb1 Qa5 14. d4 dxe4 15. Rxe4 Rfd8 16. Qg1 Bd3 0-1

[Event "SVK-chT2C 1617"]
[Site "Slovakia"]
[Date "2016.12.03"]
[Round "5.6"]
[White "Ilkovic, Frantisek"]
[Black "Pasztor, Ladislav"]
[Result "1-0"]
[WhiteElo "1948"]
[BlackElo "1901"]
[PlyCount "73"]
[EventDate "2016.10.08"]
[EventType "team-tourn"]
[EventRounds "11"]
[EventCountry "SVK"]
[SourceTitle "EXT 2018"]
[Source "ChessBase"]
[SourceDate "2017.10.13"]
[SourceVersion "1"]
[SourceVersionDate "2017.10.13"]
[SourceQuality "1"]
[WhiteTeam "Filakovo"]
[BlackTeam "Cebovce"]
[WhiteTeamCountry "SVK"]
[BlackTeamCountry "SVK"]

1. e4 c5 2. f4 Nc6 3. Nf3 g6 4. Bb5 Bg7 5. c3 Nf6 6. d3 0-0 7. Qe2 Qc7 8. 0-0 d6 9. Ba4 a6 10. Bb3 b5 11. Re1 Bb7 12. Nbd2 e6 13. Nf1 Ng4 14. h3 Nf6 15. Qf2 Ne7 16. Bc2 Rfe8 17. Be3 Rac8 18. Rac1 c4 19. Ng3 cxd3 20. Bxd3 Bc6 21. Nd4 Qb7 22. Nxc6 Qxc6 23. Rcd1 Nd7 24. Bb1 d5 25. f5 dxe4 26. Rxd7 Qxd7 27. f6 Bf8 28. fxe7 Qxe7 29. Nxe4 f5 30. Bg5 Qb7 31. Nf6+ Kf7 32. Nxe8 Rxe8 33. a3 e5 34. Ba2+ Kg7 35. Qd2 Qb6+ 36. Kh1 h5 37. Qd7+ 1-0

[Event "SVK-chT2C 1516"]
[Site "Slovakia"]
[Date "2015.12.06"]
[Round "6.4"]
[White "Ilkovic, Frantisek"]
[Black "Luptak, Pavol"]
[Result "1-0"]
[WhiteElo "1986"]
[BlackElo "2008"]
[PlyCount "151"]
[EventDate "2015.10.17"]
[EventType "team-tourn"]
[EventRounds "11"]
[EventCountry "SVK"]
[SourceTitle "CBM 169 Extra"]
[Source "ChessBase"]
[SourceDate "2015.12.18"]
[SourceVersion "1"]
[SourceVersionDate "2015.12.18"]
[SourceQuality "1"]
[WhiteTeam "Filakovo"]
[BlackTeam "Banska Bystrica Kurta"]
[WhiteTeamCountry "SVK"]
[BlackTeamCountry "SVK"]

1. e4 e5 2. Nf3 Nc6 3. Bb5 a6 4. Ba4 Nf6 5. 0-0 Be7 6. Re1 b5 7. Bb3 d6 8. c3 0-0 9. d4 Bg4 10. d5 Na5 11. Bc2 Qd7 12. Qd3 c5 13. dxc6 Qxc6 14. Nbd2 Rfc8 15. Nf1 Nb7 16. Ng3 Nc5 17. Qe2 g6 18. Bd2 Ne6 19. h3 Bh5 20. Nxh5 Nxh5 21. g3 Bf6 22. Bb3 Qd7 23. Kh2 Rab8 24. Rad1 a5 25. a3 a4 26. Bd5 Nhg7 27. Kg2 h5 28. Nh2 Bg5 29. h4 Bf6 30. Qf3 Qe7 31. Nf1 Ne8 32. Ne3 N8c7 33. Ba2 Kg7 34. Bc1 Nc5 35. Rg1 Rh8 36. Nd5 Nxd5 37. Rxd5 Rb6 38. Rgd1 Rd8 39. Be3 Rc6 40. Bb1 Qe6 41. Qe2 Rb8 42. Bd3 Nxd3 43. Qxd3 Rc4 44. Rxd6 Qc8 45. Rd7 Rb7 46. f3 Rcc7 47. Rxc7 Qxc7 48. Qd5 Qc4 49. Rd2 Rb8 50. Qxc4 bxc4 51. Bc5 g5 52. hxg5 Bxg5 53. Rf2 Rd8 54. Bb4 Bc1 55. f4 f5 56. fxe5 fxe4 57. e6 e3 58. Rf7+ Kg6 59. Rd7 Re8 60. e7 Bxb2 61. Kf3 Bc1 62. Rc7 e2 63. Kxe2 Bg5 64. Rxc4 Bxe7 65. Re4 Bxb4 66. Rxe8 Bxa3 67. Ra8 Bb2 68. c4 a3 69. c5 Kf5 70. c6 Be5 71. Rxa3 Kg4 72. Kf2 Kh3 73. Rd3 Bc7 74. Rd7 Bxg3+ 75. Kf3 h4 76. c7 1-0

[Event "SVK-chT2C 1415"]
[Site "Slovakia"]
[Date "2015.02.15"]
[Round "9.5"]
[White "Pekar, Karol"]
[Black "Ilkovic, Frantisek"]
[Result "1-0"]
[WhiteElo "2101"]
[BlackElo "1997"]
[PlyCount "67"]
[EventDate "2014.10.11"]
[EventType "team-tourn"]
[EventRounds "11"]
[EventCountry "SVK"]
[SourceTitle "EXT 2016"]
[Source "ChessBase"]
[SourceDate "2015.10.08"]
[SourceVersion "1"]
[SourceVersionDate "2015.10.08"]
[SourceQuality "1"]
[WhiteTeam "Liptov Chess School III"]
[BlackTeam "Filakovo"]
[WhiteTeamCountry "SVK"]
[BlackTeamCountry "SVK"]

1. d4 d5 2. Nc3 Nf6 3. Bg5 e6 4. e4 Be7 5. e5 Nfd7 6. h4 h6 7. Be3 c5 8. Qg4 Kf8 9. Nf3 cxd4 10. Bxd4 Nc6 11. 0-0-0 a6 12. Bd3 Nxd4 13. Qxd4 b5 14. Qf4 Ke8 15. Kb1 Qa5 16. Nd4 Qc7 17. Rhe1 Rb8 18. Qg3 g5 19. f4 Nc5 20. hxg5 hxg5 21. fxg5 b4 22. Nce2 Rg8 23. g6 f5 24. exf6 Kd7 25. Qxc7+ Kxc7 26. fxe7 e5 27. Ng3 Bg4 28. Be2 Bxe2 29. Ndxe2 Kc6 30. Rf1 Rbe8 31. Rf6+ Kb5 32. Rxd5 Rxe7 33. Ne4 Rc8 34. Nd6+ 1-0

[Event "SVK-chT2C 1415"]
[Site "Slovakia"]
[Date "2014.11.08"]
[Round "3.5"]
[White "Bakalar, Jan"]
[Black "Ilkovic, Frantisek"]
[Result "1-0"]
[WhiteElo "1938"]
[BlackElo "1997"]
[PlyCount "105"]
[EventDate "2014.10.11"]
[EventType "team-tourn"]
[EventRounds "11"]
[EventCountry "SVK"]
[SourceTitle "EXT 2016"]
[Source "ChessBase"]
[SourceDate "2015.10.08"]
[SourceVersion "1"]
[SourceVersionDate "2015.10.08"]
[SourceQuality "1"]
[WhiteTeam "Rajecke Teplice"]
[BlackTeam "Filakovo"]
[WhiteTeamCountry "SVK"]
[BlackTeamCountry "SVK"]

1. e4 e5 2. Nf3 Nc6 3. Bb5 a6 4. Ba4 Nf6 5. d3 b5 6. Bb3 Be7 7. c3 d6 8. Nbd2 h6 9. a4 Rb8 10. axb5 axb5 11. h3 0-0 12. g4 Nh7 13. Bd5 Bd7 14. Ra6 Rb6 15. Rxb6 cxb6 16. h4 Qc8 17. g5 Be6 18. gxh6 g6 19. Rg1 Nd8 20. Nf1 Nf6 21. h5 Nxh5 22. Nxe5 Kh7 23. Nf3 Re8 24. Be3 Bxd5 25. exd5 Qf5 26. Nd4 Qxd5 27. Qb3 Qxb3 28. Nxb3 b4 29. Kd2 bxc3+ 30. bxc3 Ne6 31. Kc2 b5 32. Nfd2 Rc8 33. Ra1 g5 34. Ra7 Rc7 35. Rxc7 Nxc7 36. Nd4 Ne6 37. Nf5 Bf8 38. Ne4 d5 39. Nxg5+ Nxg5 40. Bxg5 Kg6 41. Be7 Bxh6 42. Nd4 Nf4 43. Nxb5 Bg7 44. Bd6 Ne2 45. Kd2 Ng1 46. Nc7 Nf3+ 47. Ke2 Ng1+ 48. Kd2 Kf5 49. Bg3 d4 50. c4 Bh6+ 51. Kd1 Kg6 52. Nb5 Kf5 53. c5 1-0

[Event "SVK-chT1E 1314"]
[Site "Slovakia"]
[Date "2014.03.02"]
[Round "9.5"]
[White "Ilkovic, Frantisek"]
[Black "Goban, Marek"]
[Result "1/2-1/2"]
[WhiteElo "1995"]
[BlackElo "2153"]
[PlyCount "70"]
[EventDate "2013.10.12"]
[EventType "team-tourn"]
[EventRounds "11"]
[EventCountry "SVK"]
[SourceTitle "EXT 2015"]
[Source "ChessBase"]
[SourceDate "2014.11.20"]
[SourceVersion "1"]
[SourceVersionDate "2014.11.20"]
[SourceQuality "1"]
[WhiteTeam "Filakovo"]
[BlackTeam "Sabinov"]
[WhiteTeamCountry "SVK"]
[BlackTeamCountry "SVK"]

1. e4 g6 2. Nf3 Nf6 3. Nc3 c6 4. Be2 d6 5. 0-0 Bg7 6. d3 0-0 7. Rb1 b5 8. a3 a5 9. e5 dxe5 10. Nxe5 Nd5 11. Nxd5 Qxd5 12. Ng4 h5 13. Ne3 Qa2 14. Bd2 e5 15. c4 Be6 16. Qc2 a4 17. Bf3 bxc4 18. Nxc4 Qb3 19. Qxb3 axb3 20. Bc3 Rd8 21. Rfd1 f6 22. Na5 Bd5 23. Bxd5+ Rxd5 24. Nxb3 Na6 25. Kf1 Nc7 26. Rbc1 c5 27. Ba5 Ne6 28. Bc3 Rad8 29. g3 Rxd3 30. Rxd3 Rxd3 31. a4 Rd6 32. Ke2 Kf7 33. a5 Bf8 34. Rd1 Rxd1 35. Kxd1 Nc7 1/2-1/2

[Event "SVK-chT1E 1314"]
[Site "Slovakia"]
[Date "2013.12.14"]
[Round "5.7"]
[White "Vacek, Ondrej"]
[Black "Ilkovic, Frantisek"]
[Result "1/2-1/2"]
[WhiteElo "2119"]
[BlackElo "1995"]
[PlyCount "59"]
[EventDate "2013.10.12"]
[EventType "team-tourn"]
[EventRounds "11"]
[EventCountry "SVK"]
[SourceTitle "EXT 2015"]
[Source "ChessBase"]
[SourceDate "2014.11.20"]
[SourceVersion "1"]
[SourceVersionDate "2014.11.20"]
[SourceQuality "1"]
[WhiteTeam "Banska Bystrica TH"]
[BlackTeam "Filakovo"]
[WhiteTeamCountry "SVK"]
[BlackTeamCountry "SVK"]

1. Nf3 Nf6 2. c4 c5 3. Nc3 Nc6 4. d4 cxd4 5. Nxd4 g6 6. e4 Bg7 7. Be3 0-0 8. Be2 d6 9. 0-0 Nxd4 10. Bxd4 Ne8 11. Kh1 Bxd4 12. Qxd4 Ng7 13. Rad1 Be6 14. f4 f5 15. e5 dxe5 16. Qxe5 Qb8 17. Qe3 a6 18. b3 Qc7 19. Bf3 Rac8 20. Bd5 Rf6 21. a4 b6 22. Qf3 Rb8 23. Rfe1 Kf8 24. Rd3 Bd7 25. Qe3 e6 26. Bf3 Rf7 27. Red1 Re7 28. Qe2 Be8 29. Rd6 Qc5 30. h3 1/2-1/2

[Event "SVK-chT1E 1314"]
[Site "Slovakia"]
[Date "2013.11.17"]
[Round "4.7"]
[White "Pcola, Jaroslav1"]
[Black "Ilkovic, Frantisek"]
[Result "0-1"]
[WhiteElo "2102"]
[BlackElo "1995"]
[PlyCount "100"]
[EventDate "2013.10.12"]
[EventType "team-tourn"]
[EventRounds "11"]
[EventCountry "SVK"]
[SourceTitle "EXT 2015"]
[Source "ChessBase"]
[SourceDate "2014.11.20"]
[SourceVersion "1"]
[SourceVersionDate "2014.11.20"]
[SourceQuality "1"]
[WhiteTeam "Humenne"]
[BlackTeam "Filakovo"]
[WhiteTeamCountry "SVK"]
[BlackTeamCountry "SVK"]

1. Nf3 Nf6 2. d4 d5 3. c4 c6 4. Nc3 e6 5. e3 Be7 6. Bd3 Nbd7 7. 0-0 Nf8 8. Qc2 Ng6 9. e4 dxe4 10. Nxe4 Nxe4 11. Bxe4 Qc7 12. b3 Bd7 13. Bb2 0-0 14. Ne5 f5 15. Bf3 Bf6 16. Rfe1 Rfd8 17. g3 Bxe5 18. dxe5 c5 19. Bh5 Bc6 20. f4 Be4 21. Qe2 Qc6 22. Rad1 Nf8 23. Kf2 g6 24. Bf3 Bxf3 25. Qxf3 Qxf3+ 26. Kxf3 Kf7 27. Bc3 a5 28. a3 Ke7 29. Ke3 b6 30. a4 Rxd1 31. Rxd1 Rd8 32. Rxd8 Kxd8 33. h4 h6 34. Kf3 Ke7 35. Bd2 Kf7 36. Be3 Nd7 37. Bd2 Nb8 38. Bc3 Nc6 39. Ke3 Kg7 40. Kf3 Nd8 41. Bd2 Nf7 42. Be3 g5 43. hxg5 hxg5 44. Bf2 Kg6 45. Be3 Kh5 46. Bd2 Nd8 47. Bc3 Nc6 48. Ke3 Kg4 49. Bb2 Kxg3 50. fxg5 f4+ 0-1

[Event "SVK-chT2C 1213"]
[Site "Slovakia"]
[Date "2012.12.15"]
[Round "5.3"]
[White "Rogos, Jan Jr"]
[Black "Ilkovic, Frantisek"]
[Result "1-0"]
[WhiteElo "2157"]
[BlackElo "2018"]
[PlyCount "139"]
[EventDate "2012.10.13"]
[EventType "team-tourn"]
[EventRounds "11"]
[EventCountry "SVK"]
[SourceTitle "EXT 2015"]
[Source "ChessBase"]
[SourceDate "2014.11.20"]
[SourceVersion "1"]
[SourceVersionDate "2014.11.20"]
[SourceQuality "1"]
[WhiteTeam "Jelsava"]
[BlackTeam "Zvolen Slavia"]
[WhiteTeamCountry "SVK"]
[BlackTeamCountry "SVK"]

1. d4 d5 2. c4 c6 3. Nf3 Nf6 4. Nc3 e6 5. g3 Be7 6. Bg2 0-0 7. 0-0 Nbd7 8. Re1 Ne4 9. Nxe4 dxe4 10. Nd2 f5 11. Nb3 Nf6 12. f3 Bb4 13. Rf1 exf3 14. Bxf3 Bd7 15. Bf4 Be7 16. Qc2 Rc8 17. Rad1 Qe8 18. Nc5 b6 19. Nd3 Nh5 20. Be5 Bf6 21. e3 Bxe5 22. Bxh5 Qxh5 23. Nxe5 Qe8 24. c5 b5 25. b4 Rc7 26. Rd2 Qe7 27. Rdf2 Rcc8 28. Qb3 g6 29. Qa3 Be8 30. Qa6 Qc7 31. a4 Rb8 32. Ra2 bxa4 33. Rxa4 Rb7 34. Nc4 Qb8 35. Rb1 Re7 36. Ne5 Rc7 37. Qc4 Re7 38. Rba1 g5 39. Kh1 Rf6 40. Rf1 Kg7 41. Ra2 Rb7 42. Ra4 h5 43. Qc3 Qd8 44. Qc4 Qb8 45. Rfa1 Kh6 46. h4 gxh4 47. gxh4 a5 48. Rxa5 Rxb4 49. Qf1 Qxe5 50. dxe5 Rxh4+ 51. Kg2 Rg6+ 52. Kf3 Rhg4 53. Ra7 h4 54. Ke2 Rg2+ 55. Kd3 R6g4 56. Re7 Bg6 57. Rxe6 f4+ 58. Kc3 Rc2+ 59. Kb3 Rxc5 60. exf4 Kh5 61. Rxg6 Rxg6 62. Qf3+ Kh6 63. Rh1 Rb5+ 64. Kc4 Kg7 65. Rxh4 Rb1 66. f5 Rgg1 67. f6+ Kf7 68. Rh7+ Kg8 69. f7+ Kxh7 70. Qh5+ 1-0

[Event "SVK-chT1E 1213"]
[Site "Slovakia"]
[Date "2012.12.09"]
[Round "4.8"]
[White "Ilkovic, Frantisek"]
[Black "Falticko, Pavol"]
[Result "1/2-1/2"]
[WhiteElo "2018"]
[BlackElo "1894"]
[PlyCount "42"]
[EventDate "2012.10.20"]
[EventType "team-tourn"]
[EventRounds "11"]
[EventCountry "SVK"]
[SourceTitle "EXT 2014"]
[Source "ChessBase"]
[SourceDate "2013.11.20"]
[SourceVersion "1"]
[SourceVersionDate "2013.11.20"]
[SourceQuality "1"]
[WhiteTeam "Filakovo"]
[BlackTeam "Stara Lubovna"]
[WhiteTeamCountry "SVK"]
[BlackTeamCountry "SVK"]

1. e4 d5 2. e5 c5 3. f4 Nc6 4. Nf3 e6 5. Bb5 Bd7 6. Bxc6 Bxc6 7. 0-0 Nh6 8. d3 Nf5 9. c3 Be7 10. Qe2 d4 11. c4 g6 12. a4 a5 13. b3 b6 14. Ra2 Qd7 15. Ng5 h6 16. Ne4 Qb7 17. Re1 0-0 18. Qg4 Rad8 19. Qh3 h5 20. g4 hxg4 21. Qxg4 Kg7 1/2-1/2